Software Reuse

Guardado en:
Detalles Bibliográficos
Autor principal: Sodhi, Jag
Formato: Libro
Lenguaje:Undetermined
Publicado: New York McGraw-Hill 1999
Materias:
Etiquetas: Agregar Etiqueta
Sin Etiquetas, Sea el primero en etiquetar este registro!
Thư viện lưu trữ: Trung tâm Học liệu Trường Đại học Cần Thơ
LEADER 00616nam a2200229Ia 4500
001 CTU_61547
008 210402s9999 xx 000 0 und d
020 |c 150000 
082 |a 005.1 
082 |b S679 
100 |a Sodhi, Jag 
245 0 |a Software Reuse 
245 0 |c Jag Sodhi and Prince Sodhi 
260 |a New York 
260 |b McGraw-Hill 
260 |c 1999 
526 |a Phân tích và thiết kế hệ thống nâng cao 
526 |b CT609 
650 |a Computer software 
650 |x Reusability 
904 |i Minh,Hải 
980 |a Trung tâm Học liệu Trường Đại học Cần Thơ